• AIU
  • Tony Wilmot Memorial Library

Ruac Kuoth in rel ro . (Record no. 44965)

MARC details
000 -LEADER
fixed length control field 00739nam a22002177a 4500
003 - CONTROL NUMBER IDENTIFIER
control field OSt
005 - DATE AND TIME OF LATEST TRANSACTION
control field 20110718134418.0
008 - FIXED-LENGTH DATA ELEMENTS--GENERAL INFORMATION
fixed length control field 100316t xxu||||| |||| 00| 0 eng d
020 ## - INTERNATIONAL STANDARD BOOK NUMBER
International Standard Book Number 9966408363
040 ## - CATALOGING SOURCE
Original cataloging agency NEGST Library - Kenya
Transcribing agency NEGST Library - Kenya
Modifying agency NEGST Library - Kenya
050 14 - LIBRARY OF CONGRESS CALL NUMBER
Classification number BS 325
Item number .N83 1999
110 10 - MAIN ENTRY--CORPORATE NAME
Corporate name or jurisdiction name as entry element Bible Society in Sudan.
9 (RLIN) 1069
245 10 - TITLE STATEMENT
Title Ruac Kuoth in rel ro .
260 ## - PUBLICATION, DISTRIBUTION, ETC. (IMPRINT)
Place of publication, distribution, etc Khartoum :
Name of publisher, distributor, etc Bible Society of the Sudan,
Date of publication, distribution, etc 1999.
300 ## - PHYSICAL DESCRIPTION
Extent vi,829, 275 p., [5]p. of plates
Other physical details ill., maps
Dimensions 23 cm.
500 ## - GENERAL NOTE
General note "The Holy Bible in Nuer, a common language translation." - T.p. verso.
500 ## - GENERAL NOTE
General note [Africana].
630 ## - SUBJECT ADDED ENTRY--UNIFORM TITLE
Uniform title Bible. Nuer. 1999.
9 (RLIN) 1070
650 ## - SUBJECT ADDED ENTRY--TOPICAL TERM
Topical term or geographic name as entry element Nuer language
Form subdivision Texts.
9 (RLIN) 1071
942 ## - ADDED ENTRY ELEMENTS (KOHA)
Source of classification or shelving scheme Library of Congress Classification
Koha item type Reference
Holdings
Withdrawn status Lost status Source of classification or shelving scheme Damaged status Not for loan Collection code Home library Current library Shelving location Date acquired Total Checkouts Full call number Barcode Date last seen Price effective from Koha item type
    Library of Congress Classification     Reference AIU/NEGST - Tony Wilmot Memorial Library AIU/NEGST - Tony Wilmot Memorial Library Reference 03/16/2010   REF BS 325.N83 1999 R40181M3232 09/26/2019 03/16/2010 Reference